| 000 -LEADER |
| fixed length control field |
00700nam a22002057a 4500 |
| 001 - CONTROL NUMBER |
| control field |
7178 |
| 003 - CONTROL NUMBER IDENTIFIER |
| control field |
BD-DhUAP |
| 005 - DATE AND TIME OF LATEST TRANSACTION |
| control field |
20201112102516.0 |
| 008 - FIXED-LENGTH DATA ELEMENTS--GENERAL INFORMATION |
| fixed length control field |
201111s2004 bg |||| |||| 001 0 ben d |
| 020 ## - INTERNATIONAL STANDARD BOOK NUMBER |
| International Standard Book Number |
9844123690 |
| 040 ## - CATALOGING SOURCE |
| Original cataloging agency |
BD-DhUAP |
| Language of cataloging |
Ben |
| Transcribing agency |
BD-DhUAP |
| Modifying agency |
BD-DhUAP |
| 082 ## - DEWEY DECIMAL CLASSIFICATION NUMBER |
| Edition number |
23 |
| Classification number |
954.922 MAM |
| 100 ## - MAIN ENTRY--PERSONAL NAME |
| Personal name |
মামুন, মুনতাসীর। |
| 245 ## - TITLE STATEMENT |
| Title |
ঢাকা সমগ্র ২ / |
| Statement of responsibility, etc. |
মুনতাসীর মামুন। |
| 260 ## - PUBLICATION, DISTRIBUTION, ETC. |
| Place of publication, distribution, etc. |
ঢাকা : |
| Name of publisher, distributor, etc. |
অনন্যা, |
| Date of publication, distribution, etc. |
c২০০৪। |
| 300 ## - PHYSICAL DESCRIPTION |
| Extent |
৩৮৪ পৃষ্ঠা ; |
| Dimensions |
২১ সেমি.। |
| 500 ## - GENERAL NOTE |
| General note |
নিঘন্ট সম্বলিত। |
| 651 ## - SUBJECT ADDED ENTRY--GEOGRAPHIC NAME |
| Geographic name |
Bangladesh |
| Geographic subdivision |
Dhaka. |
| 942 ## - ADDED ENTRY ELEMENTS (KOHA) |
| Source of classification or shelving scheme |
|
| Koha item type |
Book |